Conservación de la avifauna en el AICA La Patasola a través de una estrategia de zonificación y formulación de un Plan de Manejo (Registro nro. 5881)

Detalles MARC
000 -CABECERA
Campo de control 01649nam a2200373 a 4500
005 - FECHA Y HORA DE LA ULTIMA TRANSACCION
Campo de control 20200104041603.0
008 - ELEMENTOS DE LONGITUD FIJA—INFORMACION GENERAL
Campo de control 141126b xxu||||| |||| 00| 0 spa d
040 ## - FUENTE DE CATALOGACIÓN
Agencia transcriptora CO-BoHI
041 ## - IDIOMA
Código de idioma para texto/pista de sonido o título separado Español
090 ## - CLASIFICACIÓN LOCAL
Colección IAVH
Consecutivo 00631
100 ## - ASIENTO PRINCIPAL--NOMBRE PERSONAL
Nombre personal Gómez, Amparo
110 ## - ASIENTO PRINCIPAL--NOMBRE CORPORATIVO
Unidad subordinad Fundación para la Conservación de la Vida Silvestre
245 ## - MENCION DE TITULO
Título Conservación de la avifauna en el AICA La Patasola a través de una estrategia de zonificación y formulación de un Plan de Manejo
Parte restante del título informe final
260 ## - PUBLICACION, DISTRIBUCION, ETC. (PIE DE IMPRENTA)
Lugar de publicación, distribución, etc. Armenia
Nombre del editor, distribuidor, etc. Fundasilvestre
-- Instituto Alexander von Humboldt
Fecha de publicación, distribución, etc. 2005
300 ## - DESCRIPCION FISICA
Extensión 147 p.
520 ## - NOTA DE RESUMEN, ETC.
Nota de resumen Este informe presenta los resultados del trabajo desarrollado en la Reserva Natural La Patasola a nivel de caracterización biofísica (fauna, flora, suelo y aguas) y socieconómica de los predios vecinos, involucrando directamente a la comunidad en las acciones de conservación y de socialización de los resultados obtenidos.
650 ## - ASIENTO SECUNDARIO DE MATERIA - TERMINO TEMATICO
Término temático o nombre geográfico como elemento de entrada Aves
650 ## - ASIENTO SECUNDARIO DE MATERIA - TERMINO TEMATICO
Término temático o nombre geográfico como elemento de entrada Especies amenazadas
650 ## - ASIENTO SECUNDARIO DE MATERIA - TERMINO TEMATICO
Término temático o nombre geográfico como elemento de entrada Conservación
650 ## - ASIENTO SECUNDARIO DE MATERIA - TERMINO TEMATICO
Término temático o nombre geográfico como elemento de entrada Biodiversidad
650 ## - ASIENTO SECUNDARIO DE MATERIA - TERMINO TEMATICO
Término temático o nombre geográfico como elemento de entrada Zonificación ambiental
650 ## - ASIENTO SECUNDARIO DE MATERIA - TERMINO TEMATICO
Término temático o nombre geográfico como elemento de entrada Vida silvestre
650 ## - ASIENTO SECUNDARIO DE MATERIA - TERMINO TEMATICO
Término temático o nombre geográfico como elemento de entrada Educación ambiental
650 ## - ASIENTO SECUNDARIO DE MATERIA - TERMINO TEMATICO
Término temático o nombre geográfico como elemento de entrada Areas de Importancia para la Conservación de Aves
650 ## - ASIENTO SECUNDARIO DE MATERIA - TERMINO TEMATICO
Término temático o nombre geográfico como elemento de entrada AICAS
662 ## - ASIENTO SECUNDARIO DE MATERIA - JERARQUIA DEL NOMBRE DE LUGAR(
Jurisdicción política intermedia Colombia
Ciudad Salento
Jurisdicción política de primer orden Quindío
700 ## - ASIENTO SECUNDARIO - NOMBRE PERSONAL
Nombre personal Marín, Luz Adriana
700 ## - ASIENTO SECUNDARIO - NOMBRE PERSONAL
Nombre personal Restrepo, Mónica Patricia
700 ## - ASIENTO SECUNDARIO - NOMBRE PERSONAL
Nombre personal Ortiz, Carlos Arturo
700 ## - ASIENTO SECUNDARIO - NOMBRE PERSONAL
Nombre personal Gómez, Héctor Fabio
700 ## - ASIENTO SECUNDARIO - NOMBRE PERSONAL
Nombre personal Cardona, Carlos Andrés
700 ## - ASIENTO SECUNDARIO - NOMBRE PERSONAL
Nombre personal Muñoz, Niny Johana
942 ## - ELEMENTOS ADICIONALES (KOHA)
Tipo de ítem Informe Técnico
Sistema de clasificación Dewey Decimal Classification
Existencias
Withdrawn status Lost status Sistema de Clasificación Damaged status No para préstamo Colección Inventariado Ubicación Permanente Ubicación actual Fecha de adquisición Total Checkouts Número topográfico Inventario / Código de Barras Date last seen Ejemplar Price effective from Forma de adquisición Tipo de material
    Local     Humboldt Inventariado 2017 Bogotá Bogotá 02/05/2008   IAVH-00631 025912 04/12/2012 Ej. 1 04/12/2012   Informe Técnico